| 000 | 00902nam a2200289 i 4500 | ||
|---|---|---|---|
| 001 | 000021449 | ||
| 003 | DO-SdBNP | ||
| 005 | 20260520094234.0 | ||
| 007 | ta | ||
| 008 | 100908s2001 dr 000 f spa d | ||
| 020 | _z9993420123 | ||
| 040 |
_aDO-SdBNP _bspa _cBNPHU _erda |
||
| 041 | _aspa | ||
| 049 | _aBNPD | ||
| 082 | 4 |
_aRD863.44 _bL789p 2001 _222 |
|
| 100 | 1 |
_aLizardo Lasocé, Luis Francisco, _d1942- _eautor _4aut. _944744 |
|
| 245 | 1 | 0 |
_aPalma Sola : _bla tragedia de un pueblo / _cLuis Francisco Lizardo Lasocé. |
| 250 | _atercera edición | ||
| 264 | 4 |
_aSanto Domingo : _bEditora Manatí, _c2001. |
|
| 300 |
_a106 páginas ; _c21 cm. |
||
| 336 |
_atexto _btxt _2rdacontent |
||
| 337 |
_asin mediación _bn _2rdamedia |
||
| 338 |
_avolumen _bnc _2rdacarrier |
||
| 500 | _aIncluye datos biográficos del autor en la contracubierta | ||
| 590 | _aInventariado, 2024/BT | ||
| 942 |
_2ddc _cLBS1 |
||
| 999 |
_c20949 _d20949 |
||